[Event "IX Floripa Chess Open Fort Atacadista"]
[Site "Florianópolis - Santa Catari"]
[Date "2023.01.26"]
[Round "5.228"]
[White "Vieira, Luana Saddi"]
[Black "Dos Santos, Gabriel Conte"]
[Result "1-0"]
[WhiteElo "1400"]
[BlackElo "1136"]
[PlyCount "83"]
[EventDate "2023.01.23"]
[EventRounds "10"]
[EventCountry "BRA"]

1. e4 c5 2. Nf3 d6 3. d4 cxd4 4. Nxd4 Nf6 5. Nc3 a6 6. f3 b5 7. Be3 Bb7 8. Qd2
Nbd7 9. a3 e6 10. O-O-O d5 11. exd5 Nxd5 12. Bg5 Be7 13. Bxe7 Qxe7 14. Nxd5
Bxd5 15. Re1 O-O 16. Qc3 Qc5 17. Qxc5 Nxc5 18. Re3 Rac8 19. b4 Na4 20. Bd3 Rfd8
21. Ne2 Bb3 22. Bxh7+ Kxh7 23. Rxb3 Nb6 24. Rd1 Rxd1+ 25. Kxd1 Rd8+ 26. Ke1 Nc4
27. Rc3 f5 28. a4 Rc8 29. axb5 axb5 30. Nd4 Nd6 31. Rxc8 Nxc8 32. Nxe6 Kg6 33.
Nd4 Nd6 34. Ke2 Kg5 35. g3 f4 36. Ne6+ Kf5 37. Nxf4 g5 38. Nd5 Nc4 39. Ne3+
Nxe3 40. Kxe3 g4 41. fxg4+ Kxg4 42. Kd4 1-0

[Event "IX Floripa Chess Open Fort Atacadista"]
[Site "Florianópolis - Santa Catari"]
[Date "2023.01.26"]
[Round "5.229"]
[White "Biazon, Natalia De Oliveira"]
[Black "Da Costa, Michael David"]
[Result "0-1"]
[WhiteElo "1813"]
[BlackElo "1396"]
[PlyCount "104"]
[EventDate "2023.01.23"]
[EventRounds "10"]
[EventCountry "BRA"]

1. d4 d5 2. Bf4 Nf6 3. e3 c5 4. c4 e6 5. Nf3 cxd4 6. Nxd4 a6 7. cxd5 Nxd5 8.
Be2 Bb4+ 9. Nd2 Qa5 10. N4b3 Qd8 11. Bg3 Bd7 12. O-O Bc6 13. a3 Be7 14. Nf3 O-O
15. Qc2 Nf6 16. Rfd1 Qe8 17. Nfd4 Be4 18. Bd3 Bxd3 19. Qxd3 Nc6 20. Nxc6 Qxc6
21. Rac1 Qb6 22. Bc7 Qa7 23. Be5 Rfd8 24. Qe2 Rxd1+ 25. Qxd1 Rd8 26. Qe2 Qa8
27. Bxf6 Bxf6 28. Qc2 Be5 29. Nd4 Qb8 30. g3 Bxd4 31. exd4 g6 32. Qc3 Qd6 33.
Qb3 b5 34. Qf3 Qxd4 35. b4 Qd3 36. Qxd3 Rxd3 37. Ra1 Kf8 38. Kf1 Ke7 39. Ke2
Rb3 40. Kd2 h5 41. Ra2 Kd6 42. Kc2 Rf3 43. Kd1 Rd3+ 44. Ke2 Rd4 45. Rd2 Rxd2+
46. Kxd2 Ke5 47. Ke3 Kd5 48. Kd3 f6 49. f3 g5 50. f4 gxf4 51. gxf4 e5 52. fxe5
fxe5 0-1

[Event "IX Floripa Chess Open Fort Atacadista"]
[Site "Florianópolis - Santa Catari"]
[Date "2023.01.26"]
[Round "5.230"]
[White "Fanckin, Murilo"]
[Black "Solanho, Henrique Sulzbach"]
[Result "1-0"]
[WhiteElo "1384"]
[BlackElo "1098"]
[PlyCount "75"]
[EventDate "2023.01.23"]
[EventRounds "10"]
[EventCountry "BRA"]

1. d4 Nf6 2. c4 e6 3. Nc3 d5 4. Nf3 Nbd7 5. e3 Be7 6. Bd3 O-O 7. O-O c6 8. Qc2
b6 9. b3 Bb7 10. Bb2 Qc7 11. cxd5 cxd5 12. Rac1 Bd6 13. Nb5 Qxc2 14. Rxc2 Ba6
15. Rd1 Bxb5 16. Bxb5 Rfc8 17. Rdc1 Rxc2 18. Rxc2 Kf8 19. Ba6 Ke7 20. Kf1 Ne4
21. Nd2 Ndf6 22. Nxe4 Nxe4 23. f3 Ng5 24. h4 Nxf3 25. gxf3 Kd7 26. e4 Be7 27.
exd5 exd5 28. Bb7 Rg8 29. Bxd5 Rf8 30. Bc6+ Kd8 31. d5 g5 32. hxg5 Bxg5 33. Rh2
Be3 34. Rxh7 Bg5 35. Rh8 Rxh8 36. Bxh8 f6 37. Kg2 Ke7 38. Kg3 1-0

[Event "IX Floripa Chess Open Fort Atacadista"]
[Site "Florianópolis - Santa Catari"]
[Date "2023.01.26"]
[Round "5.231"]
[White "Spagnollo, Pedro Henrique"]
[Black "Makowski, Silvia Cristina"]
[Result "1-0"]
[WhiteElo "1379"]
[BlackElo "1059"]
[PlyCount "85"]
[EventDate "2023.01.23"]
[EventRounds "10"]
[EventCountry "BRA"]

1. d4 d5 2. c4 e6 3. g3 Nf6 4. Bg2 c6 5. Nf3 Qa5+ 6. Bd2 Bb4 7. O-O Ne4 8. Qc2
Nd7 9. a3 Bxd2 10. Nbxd2 Nxd2 11. Nxd2 O-O 12. e4 Nf6 13. e5 Ng4 14. b4 Qd8 15.
h3 Nh6 16. c5 Nf5 17. Qc3 Qg5 18. a4 a6 19. Ra3 f6 20. f4 Qg6 21. Rf3 h5 22.
Bf1 Nh4 23. Rf2 fxe5 24. dxe5 Nf5 25. Rg2 Nh6 26. Nf3 Bd7 27. Bd3 Qe8 28. Qc2
Nf5 29. g4 Ne7 30. gxh5 Qxh5 31. Rg5 Qxh3 32. Bf1 Qh6 33. Nh2 Rxf4 34. Qg2 Raf8
35. Rh3 Rh4 36. Rxh4 Qxh4 37. Rxg7+ Kh8 38. Rg4 Qh6 39. Rg3 Rg8 40. Ng4 Qg7 41.
Rh3+ Qh7 42. Rxh7+ Kxh7 43. Nf6+ 1-0

[Event "IX Floripa Chess Open Fort Atacadista"]
[Site "Florianópolis - Santa Catari"]
[Date "2023.01.26"]
[Round "5.232"]
[White "Colombo, Pedro Henrique"]
[Black "De Souza, Felipe De Deus"]
[Result "1-0"]
[WhiteElo "1378"]
[BlackElo "1800"]
[PlyCount "109"]
[EventDate "2023.01.23"]
[EventRounds "10"]
[EventCountry "BRA"]

1. e4 c5 2. Nf3 g6 3. d4 cxd4 4. Nxd4 Nc6 5. Be3 Bg7 6. Nc3 Nf6 7. Be2 O-O 8.
Qd2 b6 9. Nxc6 dxc6 10. O-O-O Qxd2+ 11. Rxd2 Bb7 12. f3 Rfd8 13. Rhd1 Rxd2 14.
Rxd2 e5 15. Bc4 b5 16. Bb3 a5 17. a4 b4 18. Nd1 Rc8 19. Bc4 c5 20. Nf2 Bc6 21.
b3 Ne8 22. Rd1 Bf8 23. Ng4 Bg7 24. Bf2 h5 25. Ne3 Bh6 26. Kb1 Nf6 27. Nd5 Nxd5
28. exd5 Rd8 29. Bxc5 Bxa4 30. Bb6 Rb8 31. Bxa5 Bd7 32. Bc7 Re8 33. Bd6 Rd8 34.
Bxb4 Be6 35. d6 Bxc4 36. bxc4 Be3 37. c3 f5 38. c5 Bxc5 39. Bxc5 Rd7 40. Bb4
Kf7 41. Kc2 Ke6 42. c4 Rd8 43. Kc3 Kd7 44. c5 Rc8 45. Kc4 Rc6 46. Kd5 h4 47.
Kxe5 Ra6 48. Rc1 Kc6 49. Kf6 Ra4 50. Be1 Ra2 51. Bxh4 Rxg2 52. Bg3 Rd2 53. Kxg6
Rd3 54. Kxf5 Rd5+ 55. Ke6 1-0

[Event "IX Floripa Chess Open Fort Atacadista"]
[Site "Florianópolis - Santa Catari"]
[Date "2023.01.26"]
[Round "5.233"]
[White "Carvalho, Eduardo Meireles"]
[Black "Da Luz, Fabio Rodolfo"]
[Result "1-0"]
[WhiteElo "1812"]
[BlackElo "1373"]
[PlyCount "51"]
[EventDate "2023.01.23"]
[EventRounds "10"]
[EventCountry "BRA"]

1. e4 d6 2. Nc3 c6 3. g3 Nf6 4. Bg2 e5 5. d3 g6 6. Nge2 Bg7 7. Bd2 O-O 8. Qc1
Nbd7 9. O-O Re8 10. f4 exf4 11. Bxf4 Ne5 12. d4 Nc4 13. b3 Nb6 14. Bxd6 Qxd6
15. e5 Qd7 16. exf6 Bh8 17. Qh6 Re6 18. Bh3 Qe8 19. Bxe6 Qxe6 20. Rae1 Bd7 21.
Nf4 Qd6 22. Ne4 Qxd4+ 23. Kh1 Bxf6 24. Nh5 Bg7 25. Nef6+ Bxf6 26. Nxf6+ 1-0

[Event "IX Floripa Chess Open Fort Atacadista"]
[Site "Florianópolis - Santa Catari"]
[Date "2023.01.26"]
[Round "5.234"]
[White "Abdalla, Umar Mohammad"]
[Black "Emmerich, Maria Isabel"]
[Result "1-0"]
[WhiteElo "1372"]
[BlackElo "1800"]
[PlyCount "59"]
[EventDate "2023.01.23"]
[EventRounds "10"]
[EventCountry "BRA"]

1. d4 d5 2. c4 e6 3. Nc3 Nc6 4. Nf3 Nf6 5. Bg5 h6 6. Bf4 Bd6 7. Bxd6 Qxd6 8. e3
O-O 9. c5 Qd8 10. Bd3 Bd7 11. O-O Qe8 12. Rc1 e5 13. dxe5 Nxe5 14. Be2 Nxf3+
15. Bxf3 Bf5 16. Nxd5 Nxd5 17. Qxd5 Qc8 18. Qxb7 Qxb7 19. Bxb7 Rab8 20. c6 Rfd8
21. Rfd1 Rxd1+ 22. Rxd1 Be6 23. a3 Bg4 24. f3 Bf5 25. Rd5 Be6 26. Ra5 Bc4 27.
Rxa7 Rd8 28. Ra8 Rxa8 29. Bxa8 g5 30. a4 1-0

[Event "IX Floripa Chess Open Fort Atacadista"]
[Site "Florianópolis - Santa Catari"]
[Date "2023.01.26"]
[Round "5.235"]
[White "Bertusso, Amanda"]
[Black "Da Costa, Mariana Nara Santan"]
[Result "0-1"]
[WhiteElo "1800"]
[BlackElo "1369"]
[PlyCount "62"]
[EventDate "2023.01.23"]
[EventRounds "10"]
[EventCountry "BRA"]

1. e4 c6 2. d4 d5 3. e5 Bf5 4. Nf3 e6 5. Bd3 Bxd3 6. Qxd3 Nd7 7. O-O Ne7 8. Ng5
h6 9. Nf3 Nf5 10. Bf4 Be7 11. Nbd2 O-O 12. c3 c5 13. dxc5 Bxc5 14. b4 Bb6 15.
c4 dxc4 16. Nxc4 Ne7 17. Nxb6 Nxb6 18. Qxd8 Rfxd8 19. Be3 Nbd5 20. Bc5 Nc6 21.
a3 Rac8 22. Nd4 Nxe5 23. Bxa7 b6 24. Rab1 Rd7 25. Nb5 Nc6 26. Rfc1 Nxa7 27.
Nxa7 Rxc1+ 28. Rxc1 Rxa7 29. Ra1 Nxb4 30. Rb1 Rxa3 31. h3 Nd5 0-1

[Event "IX Floripa Chess Open Fort Atacadista"]
[Site "Florianópolis - Santa Catari"]
[Date "2023.01.26"]
[Round "5.236"]
[White "Ferreira De Souza, Ricardo"]
[Black "Souza, Vitor Gabriel Batis"]
[Result "0-1"]
[WhiteElo "1365"]
[BlackElo "1800"]
[PlyCount "98"]
[EventDate "2023.01.23"]
[EventRounds "10"]
[EventCountry "BRA"]

1. e4 c5 2. Nf3 Nc6 3. Bc4 e6 4. O-O d5 5. exd5 exd5 6. Re1+ Be7 7. Bb5 a6 8.
Bxc6+ bxc6 9. d3 Nf6 10. Ne5 Bd7 11. Bg5 O-O 12. Nc3 h6 13. Bd2 Bd6 14. Bf4 Rb8
15. b3 Bg4 16. Qd2 Qc7 17. d4 Rfe8 18. Bxh6 cxd4 19. Qg5 Bf8 20. Na4 Bh5 21.
Nc5 Bg6 22. Nxg6 fxg6 23. Nxa6 Qa5 24. Red1 Qxa6 25. Qxg6 c5 26. Bg5 Qe6 27. h4
Ne4 28. Qh5 Qf5 29. Re1 Be7 30. g4 Qf7 31. Qxf7+ Kxf7 32. Bf4 Ra8 33. h5 Nc3
34. Rec1 Rxa2 35. Rxa2 Nxa2 36. Ra1 Ra8 37. g5 Ra6 38. g6+ Kf6 39. Kg2 Nb4 40.
Re1 Re6 41. Rc1 Re2 42. c4 Nd3 43. Ra1 Nxf4+ 44. Kf3 Kg5 45. h6 Kxh6 46. Kxf4
dxc4 47. Kf3 Rc2 48. Ra7 Bf6 49. bxc4 Rxc4 0-1

[Event "IX Floripa Chess Open Fort Atacadista"]
[Site "Florianópolis - Santa Catari"]
[Date "2023.01.26"]
[Round "5.237"]
[White "Nunes, Lilia"]
[Black "Spieker, Otavio Schmidt"]
[Result "1-0"]
[WhiteElo "1800"]
[BlackElo "1352"]
[PlyCount "139"]
[EventDate "2023.01.23"]
[EventRounds "10"]
[EventCountry "BRA"]

1. c4 e5 2. Nc3 Nc6 3. g3 b6 4. Bg2 Nf6 5. Nf3 Bb7 6. O-O d6 7. d3 h6 8. Bd2
Qc8 9. Qa4 Nd7 10. Bh3 Qd8 11. Nd5 Nc5 12. Qc2 Ne7 13. e4 c6 14. Ne3 Bc8 15.
Bg2 Ne6 16. Bc3 c5 17. Nd5 Nxd5 18. cxd5 Nd4 19. Bxd4 cxd4 20. Rac1 Be7 21. Nd2
Bd7 22. Qb3 O-O 23. Rc4 Rc8 24. Rfc1 Bg5 25. Rxc8 Bxc8 26. Rc2 Bxd2 27. Rxd2
Bd7 28. Qa3 Qc8 29. b3 Qc3 30. Qb2 Rc8 31. f4 exf4 32. gxf4 Bb5 33. Bf1 Qxb2
34. Rxb2 Rc3 35. Rd2 a5 36. e5 dxe5 37. fxe5 Kf8 38. Kf2 Bd7 39. Kf3 Bf5 40.
Kf4 g6 41. h4 h5 42. Be2 Ke7 43. Kg5 b5 44. Bf1 Rc1 45. Bg2 Rc3 46. Be4 Bxe4
47. dxe4 Rg3+ 48. Kf4 Rg4+ 49. Kf3 Rxh4 50. Rxd4 Rh2 51. d6+ Kd7 52. Rd5 Rxa2
53. Rxb5 Rd2 54. Rxa5 Rd3+ 55. Kf4 Rxb3 56. Ra7+ Ke8 57. e6 fxe6 58. Ke5 Re3
59. Kxe6 Rxe4+ 60. Kd5 Re1 61. Rg7 Rd1+ 62. Kc6 Rc1+ 63. Kb7 Rb1+ 64. Kc8 Rc1+
65. Rc7 Rd1 66. d7+ Rxd7 67. Rxd7 h4 68. Rg7 h3 69. Rxg6 Kf7 70. Rh6 1-0

[Event "IX Floripa Chess Open Fort Atacadista"]
[Site "Florianópolis - Santa Catari"]
[Date "2023.01.26"]
[Round "5.238"]
[White "Cabral, Vivian De Paiva"]
[Black "Baena, Mauricio"]
[Result "1-0"]
[WhiteElo "1348"]
[BlackElo "1784"]
[PlyCount "93"]
[EventDate "2023.01.23"]
[EventRounds "10"]
[EventCountry "BRA"]

1. e4 d6 2. d4 Nc6 3. Nf3 g6 4. Be3 Nb8 5. Nc3 Bg7 6. Be2 c6 7. O-O b5 8. a3
Nd7 9. Qd2 Bb7 10. Rab1 a5 11. b4 Ngf6 12. d5 O-O 13. Qd3 Ng4 14. dxc6 Bxc6 15.
Nxb5 Nge5 16. Nxe5 Nxe5 17. Qd2 axb4 18. axb4 Bxe4 19. f3 Bf5 20. Nd4 Bd7 21.
Kh1 Qc7 22. Bh6 Nc4 23. Bxc4 Qxc4 24. Bxg7 Kxg7 25. Rfe1 e5 26. Nb3 Qe6 27.
Rbd1 Qf5 28. Qxd6 Qxc2 29. Qxe5+ Kg8 30. Nc5 Rfe8 31. Qd4 Ra2 32. Rxe8+ Bxe8
33. Rg1 Rb2 34. Qd8 Qe2 35. Ne4 Kf8 36. Qd6+ Kg8 37. Nf6+ Kg7 38. Nxe8+ Kg8 39.
Nf6+ Kg7 40. Nd5 Rd2 41. Qc5 Rd1 42. Nc3 Rxg1+ 43. Qxg1 Qc4 44. Qa1 Kg8 45. Na2
f6 46. Qb1 f5 47. b5 1-0

[Event "IX Floripa Chess Open Fort Atacadista"]
[Site "Florianópolis - Santa Catari"]
[Date "2023.01.26"]
[Round "5.239"]
[White "Chagas, Gefster"]
[Black "Mayeregger Gonzalez, Fiorella"]
[Result "1-0"]
[WhiteElo "1752"]
[BlackElo "1340"]
[PlyCount "99"]
[EventDate "2023.01.23"]
[EventRounds "10"]
[EventCountry "BRA"]

1. f4 d5 2. d4 Bf5 3. e3 Nf6 4. Nf3 e6 5. a3 c5 6. Bb5+ Nbd7 7. Ne5 a6 8. Bd3
Bxd3 9. cxd3 Qb6 10. dxc5 Nxc5 11. b4 Ncd7 12. O-O Bd6 13. d4 Qc7 14. Bb2 h5
15. Nc3 h4 16. Nf3 Nb6 17. Rc1 Nc4 18. Qe2 Ng4 19. Nd1 f5 20. Ne5 Bxe5 21. fxe5
Qe7 22. e4 Nxb2 23. Nxb2 h3 24. g3 O-O 25. exf5 exf5 26. Nd3 g5 27. Rf3 Nh6 28.
Rcf1 g4 29. R3f2 b6 30. Qe3 Kh7 31. Nf4 Qf7 32. Re1 Rfe8 33. e6 Qb7 34. Qe5 Ng8
35. Nxd5 Kg6 36. Nf4+ Kg5 37. d5 Nf6 38. d6 Qc6 39. d7 Re7 40. Rd1 Nxd7 41.
Rxd7 Qxd7 42. exd7 Rxe5 43. Rd2 Rd8 44. Rd6 Rxd7 45. Rxd7 Kf6 46. Rd6+ Ke7 47.
Rxb6 a5 48. Ng6+ Kd7 49. Nxe5+ Kc7 50. Rc6+ 1-0

[Event "IX Floripa Chess Open Fort Atacadista"]
[Site "Florianópolis - Santa Catari"]
[Date "2023.01.26"]
[Round "5.240"]
[White "Silva, Henrique Brasil Bar"]
[Black "De Almeida, Leticia Moraes"]
[Result "0-1"]
[WhiteElo "1325"]
[BlackElo "1731"]
[PlyCount "46"]
[EventDate "2023.01.23"]
[EventRounds "10"]
[EventCountry "BRA"]

1. e4 e5 2. Nf3 Nc6 3. d4 exd4 4. Nxd4 Bc5 5. Nb3 Bb6 6. Nc3 Nf6 7. Qe2 d6 8.
Be3 Bxe3 9. Qxe3 Be6 10. Be2 Nb4 11. Qd2 d5 12. exd5 Nbxd5 13. O-O Nxc3 14.
Qxc3 O-O 15. Rad1 Qe7 16. Qf3 c6 17. Qe3 Qc7 18. h3 Rfe8 19. Qc3 Rad8 20. Nd4
Bd5 21. Nf5 Qf4 22. Qd3 Rd7 23. Rfe1 Be6 0-1

[Event "IX Floripa Chess Open Fort Atacadista"]
[Site "Florianópolis - Santa Catari"]
[Date "2023.01.26"]
[Round "5.241"]
[White "Reis Neto, Agassiz Rubim Da S"]
[Black "Zottis, Pietro"]
[Result "0-1"]
[WhiteElo "1649"]
[BlackElo "1316"]
[PlyCount "35"]
[EventDate "2023.01.23"]
[EventRounds "10"]
[EventCountry "BRA"]

1. d4 d5 2. Nf3 e6 3. Bf4 Be7 4. e3 Nf6 5. Bd3 O-O 6. O-O b6 7. Nc3 Bb7 8. h3
Nbd7 9. Qe2 c5 10. Ba6 Bxa6 11. Qxa6 Nh5 12. Nb5 Nxf4 13. exf4 c4 14. Nxa7 Qb8
15. Nc6 Rxa6 16. Nxb8 Rxb8 17. b4 cxb3 18. cxb3 0-1

[Event "IX Floripa Chess Open Fort Atacadista"]
[Site "Florianópolis - Santa Catari"]
[Date "2023.01.26"]
[Round "5.252"]
[White "De Souza, Samuel De Deus"]
[Black "Coutinho, Lucas Buss Soares"]
[Result "1-0"]
[WhiteElo "1800"]
[BlackElo "1099"]
[PlyCount "89"]
[EventDate "2023.01.23"]
[EventRounds "10"]
[EventCountry "BRA"]

1. d4 Nf6 2. Bf4 b6 3. Nc3 Bb7 4. e3 e6 5. Nf3 Nh5 6. Bg3 Nxg3 7. hxg3 Nc6 8.
Bb5 a6 9. Bd3 g6 10. Qd2 Bg7 11. O-O-O Qe7 12. Qe2 e5 13. dxe5 Nxe5 14. Nxe5
Bxe5 15. Qd2 Bxg2 16. Rhe1 Bf3 17. Be2 Bb7 18. f4 Bg7 19. e4 O-O-O 20. Bd3 f6
21. Qe2 b5 22. a4 c6 23. axb5 axb5 24. Nb1 Qc5 25. Nd2 Ba6 26. Nb3 Qb4 27. Qd2
Qxd2+ 28. Kxd2 f5 29. e5 h5 30. Ra1 Kb7 31. Nc5+ Kb6 32. b4 d6 33. Rxa6+ Kc7
34. Ra7+ Kb6 35. Rxg7 dxc5 36. bxc5+ Kxc5 37. Kc1 Rh6 38. e6 h4 39. gxh4 Rxh4
40. e7 Re8 41. Rxg6 Rxf4 42. Rf6 Ra4 43. Kd2 Raa8 44. Bxf5 b4 45. Bd7 1-0

[Event "IX Floripa Chess Open Fort Atacadista"]
[Site "Florianópolis - Santa Catari"]
[Date "2023.01.26"]
[Round "5.253"]
[White "Bisconsin, Raul"]
[Black "Soares, Vinicius Tuma"]
[Result "1-0"]
[WhiteElo "1092"]
[BlackElo "1796"]
[PlyCount "43"]
[EventDate "2023.01.23"]
[EventRounds "10"]
[EventCountry "BRA"]

1. e4 c5 2. Nf3 b6 3. Nc3 Nc6 4. Ne2 Bb7 5. c3 e6 6. d3 Be7 7. Bf4 Nf6 8. Ng3
O-O 9. d4 cxd4 10. Nxd4 Nxd4 11. Qxd4 h6 12. Be2 Rb8 13. Bxb8 Qxb8 14. O-O Bc5
15. Qd3 Qa8 16. Bf3 d5 17. e5 Qb8 18. exf6 gxf6 19. Qd2 h5 20. Qh6 Re8 21. Nxh5
Bf8 22. Nxf6# 1-0

[Event "IX Floripa Chess Open Fort Atacadista"]
[Site "Florianópolis - Santa Catari"]
[Date "2023.01.26"]
[Round "5"]
[White "Dos Santos, Douglas Asterio"]
[Black "Dias, Juliane De Oliveira"]
[Result "0-1"]
[WhiteElo "1392"]
[BlackElo "1672"]
[PlyCount "74"]
[EventDate "2023.01.23"]
[EventRounds "10"]
[EventCountry "BRA"]

1. d4 d5 2. Nf3 Nf6 3. Bf4 e6 4. e3 c5 5. Be2 cxd4 6. exd4 Nc6 7. O-O Qb6 8. b3
Be7 9. c4 O-O 10. Nc3 dxc4 11. Bxc4 a6 12. Rc1 Rd8 13. Be3 Ng4 14. Qe2 Rd7 15.
Rfe1 Nxe3 16. fxe3 Bb4 17. Red1 Bxc3 18. Rxc3 Qa5 19. Rcc1 Qd8 20. Rd2 Rd6 21.
Rcd1 b5 22. Bd3 Bb7 23. Be4 Qe7 24. h3 Rad8 25. Nh2 Qg5 26. Nf3 Qg3 27. Qf2
Qxf2+ 28. Kxf2 f6 29. Ke2 R8d7 30. g4 Nxd4+ 31. Nxd4 Bxe4 32. Nxe6 Bf3+ 33.
Kxf3 Rxd2 34. Ra1 Rh2 35. Kg3 Rdd2 36. a4 bxa4 37. bxa4 Ra2 0-1

[Event "IX Floripa Chess Open Fort Atacadista"]
[Site "Florianópolis - Santa Catari"]
[Date "2023.01.26"]
[Round "5.1"]
[White "Zabala, Antonio Murara"]
[Black "Espindola, Carlos Marcelo"]
[Result "1-0"]
[WhiteElo "1761"]
[BlackElo "1457"]
[PlyCount "43"]
[EventDate "2023.01.23"]
[EventRounds "10"]
[EventCountry "BRA"]

1. e4 e5 2. Nf3 Nc6 3. Bb5 a6 4. Ba4 Nf6 5. O-O d6 6. Re1 b5 7. Bb3 Na5 8. c3
Nxb3 9. Qxb3 Be6 10. Qd1 Be7 11. d4 exd4 12. cxd4 O-O 13. Nbd2 Re8 14. Nf1 c6
15. d5 Bd7 16. Ng3 Bf8 17. b3 g6 18. Bf4 Qb6 19. Qd2 Bg7 20. Rac1 Rac8 21. h3
b4 22. Bg5 1-0

[Event "IX Floripa Chess Open Fort Atacadista"]
[Site "Florianópolis - Santa Catari"]
[Date "2023.01.26"]
[Round "5.4"]
[White "Duarte, Giovanna Torqui"]
[Black "Goncalves, Djenifer"]
[Result "1-0"]
[WhiteElo "1040"]
[BlackElo "1597"]
[PlyCount "79"]
[EventDate "2023.01.23"]
[EventRounds "10"]
[EventCountry "BRA"]

1. d4 d5 2. Bf4 e6 3. e3 Nf6 4. Bd3 Nc6 5. Nf3 Bd7 6. h3 Be7 7. c3 O-O 8. O-O
h6 9. Nbd2 Nh5 10. Ne5 Bf6 11. Qxh5 Nxe5 12. dxe5 Bg5 13. Bxg5 Qxg5 14. Qxg5
hxg5 15. Nf3 g4 16. hxg4 c5 17. e4 Rfd8 18. exd5 exd5 19. Rfd1 Bxg4 20. Be2 Rd7
21. Kf1 a6 22. Rd2 b5 23. Nd4 Bxe2+ 24. Nxe2 Kf8 25. Nf4 d4 26. cxd4 cxd4 27.
Rad1 Re7 28. Re1 Rd8 29. e6 g5 30. Nd3 fxe6 31. Nc5 e5 32. Nxa6 Rd6 33. Nc5 Kf7
34. Ke2 Kf6 35. Ne4+ Ke6 36. Nxd6 Kxd6 37. Kd3 Kd5 38. Re4 b4 39. Rg4 e4+ 40.
Ke2 1-0

[Event "IX Floripa Chess Open Fort Atacadista"]
[Site "Florianópolis - Santa Catari"]
[Date "2023.01.26"]
[Round "5.8"]
[White "Seara, Sophia Parisotto"]
[Black "Nogueira, Manuela Mahara Buch"]
[Result "1-0"]
[WhiteElo "1739"]
[BlackElo "1800"]
[PlyCount "48"]
[EventDate "2023.01.23"]
[EventRounds "10"]
[EventCountry "BRA"]

1. d4 d5 2. c4 c6 3. Nc3 Nf6 4. Nf3 Bf5 5. Qb3 Nbd7 6. Qxb7 Rc8 7. Qxa7 e6 8.
Bf4 Be7 9. e3 O-O 10. Be2 Re8 11. Qa4 Nf8 12. Qd1 Qd7 13. O-O Bd6 14. Bxd6 Qxd6
15. c5 Qd7 16. Ne5 Qb7 17. b3 Rb8 18. Re1 Ng6 19. Nxg6 hxg6 20. Bf3 Red8 21. e4
Rdc8 22. exf5 gxf5 23. a4 Qc7 24. b4 Re8 1-0

[Event "IX Floripa Chess Open Fort Atacadista"]
[Site "Florianópolis - Santa Catari"]
[Date "2023.01.26"]
[Round "5.9"]
[White "Nunes, Alice"]
[Black "Da Silva Neto, Edvalte Jose"]
[Result "1-0"]
[WhiteElo "1800"]
[BlackElo "1707"]
[PlyCount "51"]
[EventDate "2023.01.23"]
[EventRounds "10"]
[EventCountry "BRA"]

1. d4 d5 2. Nf3 Nf6 3. Bf4 e6 4. e3 Nc6 5. Bb5 Be7 6. Nbd2 Ne4 7. Nxe4 dxe4 8.
Ne5 O-O 9. Bxc6 Qd6 10. Bxe4 Qb4+ 11. Qd2 Qxb2 12. O-O Bb4 13. Qd3 f5 14. Bf3
Bc3 15. Nc4 Qb4 16. Rab1 Qa4 17. Qxc3 Qe8 18. Bxb7 Bxb7 19. Rxb7 Qc6 20. Rxc7
Qa6 21. Qa5 Qxa5 22. Nxa5 Rfe8 23. Rb1 h6 24. Rbb7 Kh8 25. Rxg7 Rg8 26. Rh7#
1-0

[Event "IX Floripa Chess Open Fort Atacadista"]
[Site "Florianópolis - Santa Catari"]
[Date "2023.01.26"]
[Round "5.10"]
[White "Buffon, Maria Ivy Segalin"]
[Black "Pinto, Pedro Daminelli Lag"]
[Result "0-1"]
[WhiteElo "1703"]
[BlackElo "1800"]
[PlyCount "56"]
[EventDate "2023.01.23"]
[EventRounds "10"]
[EventCountry "BRA"]

1. e4 d6 2. d4 g6 3. Nc3 Bg7 4. Nf3 Nf6 5. Bf4 O-O 6. Qd2 c6 7. a3 Nfd7 8. Ne2
e5 9. Bh6 Qf6 10. c3 Re8 11. Bxg7 Kxg7 12. Ng3 exd4 13. cxd4 Nb6 14. Be2 Bg4
15. e5 dxe5 16. dxe5 Qe7 17. Qd6 Bxf3 18. Qf6+ Qxf6 19. exf6+ Kxf6 20. gxf3
N8d7 21. Ne4+ Kg7 22. Nd6 Re6 23. Nxb7 Rc8 24. O-O Rxe2 25. b4 Nc4 26. a4 Rb2
27. Rfd1 Nde5 28. Re1 Nxf3+ 0-1

[Event "IX Floripa Chess Open Fort Atacadista"]
[Site "Florianópolis - Santa Catari"]
[Date "2023.01.26"]
[Round "5.11"]
[White "Berteli, Laura Manarim"]
[Black "Reginato, Daniel Zonta"]
[Result "0-1"]
[WhiteElo "1682"]
[BlackElo "1800"]
[PlyCount "56"]
[EventDate "2023.01.23"]
[EventRounds "10"]
[EventCountry "BRA"]

1. e4 e5 2. Nf3 Nc6 3. Bb5 a6 4. Ba4 b5 5. Bb3 Bc5 6. c3 d6 7. O-O Nf6 8. d3
O-O 9. Nbd2 Ne7 10. d4 Bb6 11. Qe2 Ng6 12. g3 Be6 13. Bc2 h5 14. Nb3 Bg4 15.
Bd2 Nh7 16. Rad1 Qf6 17. Qe3 Bxf3 18. Rde1 Nh4 19. Bd1 Ng2 20. Bxf3 Nxe3 21.
Bxe3 Qxf3 22. Nd2 Qf6 23. f4 exd4 24. g4 dxe3 25. g5 exd2+ 26. Kh1 Qg6 27. Rd1
Qxe4+ 28. Rf3 Qxf3# 0-1

[Event "IX Floripa Chess Open Fort Atacadista"]
[Site "Florianópolis - Santa Catari"]
[Date "2023.01.26"]
[Round "5.13"]
[White "Silveira, Benicio Solon"]
[Black "Furtado, Ian"]
[Result "0-1"]
[WhiteElo "1800"]
[BlackElo "1584"]
[PlyCount "52"]
[EventDate "2023.01.23"]
[EventRounds "10"]
[EventCountry "BRA"]

1. e4 e5 2. Nf3 Nf6 3. Nxe5 d6 4. Nf3 Nxe4 5. d3 Nf6 6. Nc3 Qe7+ 7. Qe2 Qxe2+
8. Bxe2 d5 9. O-O Bc5 10. d4 Bb4 11. Bd2 O-O 12. Rae1 Bf5 13. Bd1 Nc6 14. a3
Ba5 15. b4 Bb6 16. Be3 Rfe8 17. Re2 a5 18. bxa5 Bxa5 19. Bd2 Bxc3 20. Bxc3 Rxe2
21. Bxe2 Rxa3 22. Bb2 Ra2 23. Rb1 Bxc2 24. Ra1 Rxa1+ 25. Bxa1 Kf8 26. Bb5 Nb4
0-1

[Event "IX Floripa Chess Open Fort Atacadista"]
[Site "Florianópolis - Santa Catari"]
[Date "2023.01.26"]
[Round "6.1"]
[White "Mekhitarian, Krikor Sevag"]
[Black "Fier, Alexandr"]
[Result "1/2-1/2"]
[WhiteElo "2551"]
[BlackElo "2602"]
[PlyCount "66"]
[EventDate "2023.01.23"]
[EventRounds "10"]
[EventCountry "BRA"]

1. d4 d5 2. c4 c6 3. Nf3 e6 4. e3 f5 5. Bd3 Nf6 6. O-O Bd6 7. b3 Qe7 8. Bb2 O-O
9. Nc3 Bd7 10. Ne5 Be8 11. cxd5 cxd5 12. Rc1 Ne4 13. Nb5 Bxb5 14. Bxb5 a6 15.
Bd3 Nd7 16. f3 Nef6 17. Qe2 Rac8 18. Rc2 Nb6 19. Rfc1 Rxc2 20. Rxc2 Rc8 21.
Rxc8+ Nxc8 22. Qc2 Qc7 23. Kf2 Nb6 24. Qxc7 Bxc7 25. h3 Nfd7 26. g4 Nxe5 27.
dxe5 g6 28. gxf5 gxf5 29. e4 fxe4 30. fxe4 d4 31. Bxd4 Nd7 32. Ke3 Nxe5 33.
Bxe5 Bxe5 1/2-1/2

[Event "IX Floripa Chess Open Fort Atacadista"]
[Site "Florianópolis - Santa Catari"]
[Date "2023.01.26"]
[Round "6.2"]
[White "Delgado Ramirez, Neuris"]
[Black "Barbosa, Evandro Amorim"]
[Result "1/2-1/2"]
[WhiteElo "2562"]
[BlackElo "2482"]
[PlyCount "35"]
[EventDate "2023.01.23"]
[EventRounds "10"]
[EventCountry "BRA"]

1. e4 c5 2. Nf3 d6 3. Bb5+ Bd7 4. a4 Nf6 5. Nc3 g6 6. O-O Bg7 7. e5 dxe5 8.
Nxe5 O-O 9. d3 a6 10. Bc4 Nc6 11. Nxc6 Bxc6 12. a5 Ne8 13. Be3 Nd6 14. Bxc5
Nxc4 15. dxc4 Bxc3 16. bxc3 Qxd1 17. Raxd1 Rfe8 18. Rd2 1/2-1/2